Sociálno-ekonomický obzor recenzovaný odborný on-line časopis

Časopis zameraný na teoretické a praktické otázky sociálno-ekonomického rozvoja, aktuálne trendy spoločensko-ekonomického vývoja v krajinách EÚ a vo svete.

Saved in:
Bibliographic Details
Corporate Author: Národohospodárska fakulta EU. Katedra sociálneho rozvoja a práce
Format: Serial
Language:Slovak
Published: Bratislava Ekonomická univerzita v Bratislave 2013-2014
Subjects:
Tags: Add Tag
No Tags, Be the first to tag this record!

MARC

LEADER 00000nls a2200000 4500
001 0167839
005 20250714130358.4
022 |a 1339-2387 
041 0 |a slo 
044 |a SK 
245 1 0 |a Sociálno-ekonomický obzor  |b recenzovaný odborný on-line časopis 
264 1 |a Bratislava  |b Ekonomická univerzita v Bratislave  |c 2013-2014 
520 |a Časopis zameraný na teoretické a praktické otázky sociálno-ekonomického rozvoja, aktuálne trendy spoločensko-ekonomického vývoja v krajinách EÚ a vo svete. 
610 2 0 |a rozvoj sociálno-ekonomický 
610 2 0 |a vývoj spoločenský 
610 2 0 |a politika sociálna 
710 2 |a Národohospodárska fakulta EU. Katedra sociálneho rozvoja a práce